Tézisek a terminológiáról.
Potreba definícií v každom vednom odbore. Terminológia a definície v interdisciplinárnom poňatí. Definícia pojmov: základný výskum, aplikovaný výskum, vývoj. Pojem vedecký výskum, univerzálny pojem so základom "basic". Pojem "technológia" v prierezovom poňatí. Anglické synonymá pre pojmy objav, výsk...
Salvato in:
| Autore principale: | |
|---|---|
| Natura: | Capitolo di libro |
| Lingua: | ungherese |
| Soggetti: | |
| Tags: |
Nessun Tag, puoi essere il primo ad aggiungerne!!
|
MARC
| LEADER | 00000naa a2200000 4500 | ||
|---|---|---|---|
| 001 | r008238 | ||
| 005 | 20221125113832.8 | ||
| 041 | 0 | |a hun | |
| 044 | |a HU | ||
| 245 | 1 | 0 | |a Tézisek a terminológiáról. |c T. Balázs |
| 520 | |a Potreba definícií v každom vednom odbore. Terminológia a definície v interdisciplinárnom poňatí. Definícia pojmov: základný výskum, aplikovaný výskum, vývoj. Pojem vedecký výskum, univerzálny pojem so základom "basic". Pojem "technológia" v prierezovom poňatí. Anglické synonymá pre pojmy objav, výskum pre prípravu novej výroby, spoločenská použiteľnosť výskumu, objavný výskum. Medzinárodne uznávané skratky. | ||
| 610 | 2 | 0 | |a terminológia |
| 610 | 2 | 0 | |a pojmy |
| 610 | 2 | 0 | |a veda |
| 610 | 2 | 0 | |a výskum |
| 610 | 2 | 0 | |a vývoj |
| 610 | 2 | 0 | |a angličtina |
| 100 | 1 | |a Balázs, T. | |